000 00458nam a2200169 i 4500
001 25153
003 ES-MaACL
005 20230906153213.0
007 t|
008 021220s1969 sp ||||1| spa d
100 1 _aArce, Carlos de.
_922446
245 1 0 _aDonde el amor cambia de nombre /
_cCarlos de Arce.
250 _a[1ยช ed.].
260 _aBarcelona :
_bPicazo :
_bZeus,
_c1969.
300 _a213 p. ;
_c19 cm.
852 _aES-MaACL
_jC-39959
_bR.70944
999 _c25153
_d25153